000 00279nam a22001337a 4500
008 210521b ||||| |||| 00| 0 eng d
041 _aeng
080 _a7
082 _a7
100 _a44
101 _aART
245 _aThe Renaissance
_cKenneth M. Setton
942 _2udc
_cBK
999 _c57587
_d57587